000 00286nam a22001337a 4500
008 170930b xxu||||| |||| 00| 0 eng d
020 _a9781888799040
041 _aeng
080 _a37
100 _a47
101 _aEDU
245 _aMULTIPLE SCLEROSIS
_cKALB, R.C
942 _2udc
_cBK
999 _c30913
_d30913